书目信息 |
| 题名: |
中国当代大学生违法犯罪原因研究
|
|
| 作者: | 吴殿朝 著 | |
| 分册: | ||
| 出版信息: | 北京 中国社会科学出版社 2010 |
|
| 页数: | 231页 | |
| 开本: | 21cm | |
| 丛书名: | ||
| 单 册: | ||
| 中图分类: | D669.5 | |
| 科图分类: | ||
| 主题词: | 大学生--青少年犯罪--研究--中国 , 大学生 , 青少年犯罪 | |
| 电子资源: | ||
| ISBN: | 978-7-5004-8358-8 | |
| 000 | 01016nam0 2200265 45 | |
| 001 | 1138528281 | |
| 005 | 20110419091712.42 | |
| 010 | @a978-7-5004-8358-8@dCNY22.00 | |
| 100 | @a20110409d2010 em y0chiy50 ea | |
| 101 | 0 | @achi |
| 102 | @aCN@b110000 | |
| 105 | @ay z 000yy | |
| 106 | @ar | |
| 200 | 1 | @a中国当代大学生违法犯罪原因研究@AZhong Guo Dang Dai Da Xue Sheng Wei Fa Fan Zui Yuan Yin Yan Jiu@e基于“社会腱”视角的分析@EJi Yu“ She Hui Jian” Shi Jiao De Fen Xi@f吴殿朝著@FWu Dian Chao Zhu |
| 210 | @a北京@c中国社会科学出版社@d2010 | |
| 215 | @a231页@d21cm | |
| 300 | @a中国博士后科学基金资助项目(编号106-180566) | |
| 330 | @a本书通过对人类学犯罪原因论、生物学犯罪原因论、精神病理学犯罪原因论、社会学犯罪原因论、传统心理学犯罪原因论等犯罪归因理论作了系列学术史的考察 | |
| 606 | 0 | @a大学生@x青少年犯罪@x研究@y中国 |
| 606 | 0 | @a大学生 |
| 606 | 0 | @a青少年犯罪 |
| 690 | @aD669.5@v4 | |
| 701 | 0 | @a吴殿朝@AWu Dian Chao@4著 |
| 801 | 0 | @aCN@bTANGWEI@c20110419 |
| 905 | @b0536585-89@dD669.5@e118@f5 | |
| 中国当代大学生违法犯罪原因研究:基于“社会腱”视角的分析/吴殿朝著.-北京:中国社会科学出版社,2010 |
| 231页;21cm |
| 中国博士后科学基金资助项目(编号106-180566) |
| ISBN 978-7-5004-8358-8:CNY22.00 |
| 本书通过对人类学犯罪原因论、生物学犯罪原因论、精神病理学犯罪原因论、社会学犯罪原因论、传统心理学犯罪原因论等犯罪归因理论作了系列学术史的考察 |
| ● |
| 相关链接 |
|
|
|
|
正题名:中国当代大学生违法犯罪原因研究
索取号:D669.5/118
 
预约/预借
| 序号 | 登录号 | 条形码 | 馆藏地/架位号 | 状态 | 备注 |
| 1 | 0536585 | 205365852 | 第一样本阅览室/ [索取号:D669.5/118] | 在馆 | |
| 2 | 0536586 | 205365861 | 第一借阅区/ [索取号:D669.5/118] | 在馆 | |
| 3 | 0536587 | 205365870 | 第一借阅区/ [索取号:D669.5/118] | 在馆 | |
| 4 | 0536588 | 205365889 | 第一借阅区/ [索取号:D669.5/118] | 在馆 | |
| 5 | 0536589 | 205365898 | 第一借阅区/ [索取号:D669.5/118] | 在馆 |